| 000 | 00563nam a22001937a 4500 | ||
|---|---|---|---|
| 003 | OSt | ||
| 005 | 20251022024908.0 | ||
| 008 | 251022b |||||||| |||| 00| 0 eng d | ||
| 040 |
_aDWCL-Main lib _cOC |
||
| 082 | _aCirc. 666.893 R737c 2016 | ||
| 100 | _aSachim, Rohilla | ||
| 245 |
_aConcrete Technology/ _cSachim, Rohilla |
||
| 260 |
_aNew Delhi: _b S.K Kataria & Sons , _cc2016. |
||
| 300 |
_axi, 266 pages : _billustrations : _c24cm. |
||
| 504 | _aIncludes index | ||
| 650 | _a1. Cement | ||
| 650 | _a2. Concrete | ||
| 942 |
_2ddc _cBK-CIRC _kCirc. _n0 |
||
| 999 |
_c4999 _d4999 |
||